00853pam a2200241 i 45000010008000000030012000080050017000200080041000370100017000780200015000950400022001100500016001320820017001481000038001652450076002032600031002793000034003105040051003446500022003956500015004178560089004328560090005214171639NUST - PNEC20170116181144.0790301s1979 nyua b 001 0 eng  a 79011073  a0471030325 aDLCcLIBRARYdDLC00aTL570b.M2200a629.1323 MCC1 aMcCormick, Barnes Warnock,d1926-10aAerodynamics, aeronautics, and flight mechanics /cBarnes W. McCormick. aNew York :bWiley,cc1979. axvi, 652 p. :bill. ;c24 cm. aIncludes bibliographical references and index. 0aAerodynamics.xME 0aAirplanes.423Publisher descriptionuhttp://www.loc.gov/catdir/enhancements/fy0607/79011073-d.html413Table of contents onlyuhttp://www.loc.gov/catdir/enhancements/fy0607/79011073-t.html